Le MotoGP au Qatar - Statistiques

Statistiques générales
  • Ce quiz a été pris 7 fois
  • Le résultat moyen est 9 sur 11
Statistiques - réponses
Hint Réponse % Correct
Monster Energy Yamaha MotoGP (2021) Flag_of_France.svg Fabio Quartararo
100%
Ducati Lenovo Team (2024) Flag_of_Italy.svg Francesco Bagnaia
100%
Repsol Honda Team (2014) Ducati Lenovo Team (2025) Flag_of_Spain.svg Marc Márquez
100%
Gauloises Yamaha Team (2005) Camel Yamaha Team (2006) Fiat Yamaha Team (2010) Movistar Yamaha MotoGP (2015) Flag_of_Italy.svg Valentino Rossi
100%
Yamaha Factory Racing (2012, 2013) Movistar Yamaha MotoGP (2016) Flag_of_Spain.svg Jorge Lorenzo
86%
Movistar Yamaha MotoGP (2017) Monster Energy Yamaha MotoGP (2021) Flag_of_Spain.svg Maverick Viñales
86%
Ducati Team (2018) Mission Winnow Ducati (2019) Flag_of_Italy.svg Andrea Dovizioso
71%
Ducati Marlboro Team (2007, 2008, 2009) Repsol Honda Team (2011) Flag_of_Australia.svg Casey Stoner
71%
Gresini Racing MotoGP (2023) Flag_of_Italy.svg Fabio Di Giannantonio
71%
Gresini Racing MotoGP (2022) Flag_of_Italy.svg Enea Bastianini
57%
Telefónica Movistar Honda MotoGP (2004) Flag_of_Spain.svg Sete Gibernau
57%
Aucun quiz correspondant
Distribution des résultats
% des personnes avec chaque résultat
Percentile par nombre de réponses
Votre historique - résultats
Vous n’avez pas pris ce quiz